Landmark to state (US) - Statistics

General Stats
  • This quiz has been taken 36 times
  • The average score is 35 of 40
Answer Stats
Landmark Answer % Correct
1) Yosemite National Park California
97%
18) Golden Gate Bridge California
97%
23) Hollywood sign California
97%
31) Alcatraz Island California
97%
2) Daytona International Speedway Florida
94%
20) Disney World Florida
94%
30) St Augustine Lighthouse Florida
94%
35) Waikiki Beach Hawaii
94%
6) Statue of Liberty New York
94%
15) Fort Ticonderoga New York
94%
36) Watkins Glen Park New York
94%
14) Mount Rushmore South Dakota
94%
38) Badlands National Park South Dakota
94%
7) The Alamo Texas
94%
10) Space Needle Washington
94%
25) Lincoln Memorial Washington DC
94%
34) Denali National Park Alaska
91%
4) Gateway Arch Missouri
91%
8) Indianapolis Motor Speedway Indiana
88%
19) Acadia National Park Maine
88%
5) Fenway Park Massachusetts
88%
16) Plymouth Rock Massachusetts
88%
33) Pilgrim Monument Massachusetts
88%
29) Glacier National Park Montana
88%
26) Caesars Palace Nevada
88%
28) Taos Pueblo New Mexico
88%
13) Crater Lake Park Oregon
88%
24) Graceland Tennessee
88%
3) Mall of America Minnesota
84%
40) Independence Hall Pennsylvania
84%
22) Sears Tower Illinois
81%
27) Mammoth Cave Park Kentucky
81%
21) Mackinac Bridge Michigan
81%
9) Pro Football Hall of Fame Ohio
81%
11) Myrtle Beach South Carolina
81%
12) Hatteras Point Lighthouse North Carolina
78%
17) Sedona red rocks Arizona
75%
37) Hot Springs National Park Arkansas
75%
32) Fort Bridger Wyoming
72%
39) Jackson Square Louisiana
66%
No matching quizzes found
Score Distribution
Percent of People with Each Score
Percentile by Number Answered
Your Score History
You have not taken this quiz